000 00914cam a22002894a 4500
005 20260322212019.0
008 data
010 _a 2002103273
020 _a0764554344
020 _a9780764554346
040 _aDLC
_cDLC
_dDLC
042 _apcc
050 0 0 _aBF121
_b.C36 2002
082 0 0 _a150
_221
092 _a150 C374 2002
100 1 _aCash, Adam,
_cPsyD.
245 1 0 _aPsychology for dummies /
_cAdam Cash.
260 _aNew York :
_bHungry Minds,
_cc2002.
300 _axxii, 359 p. :
_bill. ;
_c24 cm.
440 0 _a--For dummies
500 _aIncludes index.
650 0 _aPsychology.
856 4 2 _3Contributor biographical information
_uhttp://www.loc.gov/catdir/bios/wiley045/2002103273.html
856 4 2 _3Publisher description
_uhttp://www.loc.gov/catdir/description/wiley039/2002103273.html
856 4 1 _3Table of contents
_uhttp://www.loc.gov/catdir/toc/wiley031/2002103273.html
001 data
999 _c420
_d420